Edouard Manet (Запис номер 398063)
[ съкратено ]
| 000 -Лидер | |
|---|---|
| Контролно поле с фиксирана дължина | nkm a22 a 4500 |
| 003 - Код на организацията, давaща контролен номер | |
| Контролно поле | BLK |
| 005 - Дата и час на последна редакция | |
| Контролно поле | 20210211112830.0 |
| 008 - Елементи от данни с фиксирана дължина | |
| fixed length control field | 210211b bu ||||| |||| 00| 0 bu d |
| 040 ## - Източник на каталожния запис | |
| Transcribing agency | BLK |
| Идентификатор на билиотеката - собственик на записа | BLK |
| 041 0# - Код за език | |
| Код за езика на текст/звукозапис или на отделно заглавие | Немски |
| Код за езика КДБФ | Немски |
| 080 ## - УДК | |
| Текстов определител УДК | Живопис - художници |
| УДК код - определител по УДК | 75.071.1 |
| УДК определител | (44)(084) |
| УДК - код + определител | 75.071.1(44)(084) |
| 080 ## - УДК | |
| Текстов определител УДК | Френски художник импресионист. |
| УДК код - определител по УДК | 929 Мане, Едуар |
| УДК - код + определител | 929 Мане, Едуар |
| 245 00 - Сведения за заглавието | |
| Заглавие | Edouard Manet |
| Подзаглавни данни | 1832 - 1883 |
| Редно поле (дума) | mit einer Einf. von Eva Herbig |
| 250 ## - Област на изданието | |
| Сведения за изданието | 2. изд. |
| 260 ## - Област на издателските данни | |
| 9 (RLIN) | 213856 |
| Място на издаване, разпространение и проч. | Leipzig |
| Име на издателя, разпространителя и проч. | Seemann |
| Година на издаване | 1962 |
| Издателство - префикс ISBN | 978-3-86502- ; 3-363- |
| 300 ## - Физическа характеристика | |
| Страници | 19 с.. |
| Илюстрации и др. | с ил. |
| Размери/Мащаб | 32 см |
| Съпровождащи материали | 10 л. |
| 380 ## - Жанр | |
| Жанр | Изкуство |
| 490 ## - СЕРИИ (Колекции) | |
| Име на серия | Farbige Gemaldewiedergaben |
| 9 (RLIN) | 207654 |
| 600 14 - Име на лице, използвано като предмет | |
| 9 (RLIN) | 91964 |
| За него / За нея | Мане, Едуар |
| 650 #0 - Допълнително описание по предмет – тема | |
| 9 (RLIN) | 253572 |
| Основно описание – тема или топоним | Художници, френски - албуми |
| 653 #7 - Ключова дума – ненормативна | |
| 9 (RLIN) | 199588 |
| Ключова дума | френски художници |
| 700 ## - Други автори (авторска отговорност) | |
| Лично име | Herbig, Eva |
| 9 (RLIN) | 1478 |
| Автороска отговорност (Описва отношението между автора и произведението) | състав. |
| 852 ## - Местоположение | |
| Форматна сигнатура | Цб ІІ 26222 |
| 999 ## - СИСТЕМНИ КОНТРОЛНИ НОМЕРА | |
| Koha biblionumber | 398063 |
| Koha biblioitemnumber | 398063 |
| 942 ## - АРТИКУЛИ | |
| Вид на библиотечния материал | Графични издания |
| Скрит в OPAC | Не |
| Периодичен библиозапис | Да |
| 944 ## - СЪЗДАВАНЕ И РЕДАКЦИЯ на ЗАПИСА | |
| Създаване/Редакция | Създаване |
| Дата на регистрацията/редакция | 2021-02-11 |
| Служител, извършил регистрацията/редакцията | ГГГ |
| Код за отписване | Код за изгубен артикул | Източник на класификационната схема | Код за повреда | Коз за рестрикции | Код за отдаване | Артикулен № | Име на библиотеката - собственик | Име на библиотеката, в която се намира в момента | Статус (Текущо местоположение) | Дата на вписване в системата | Местоположение - отдел | Цена в лева | Инвентарен номер | Систематично азбучна сигнатура | Баркод | Цена в евро | Служебен тип на артикула |
|---|---|---|---|---|---|---|---|---|---|---|---|---|---|---|---|---|---|
| Не е изгубен | Universal Decimal Classification | Не е повреден | само за читалня | ползва се в читалня | 812020 | Регионална библиотека "Любен Каравелов" Русе | Регионална библиотека "Любен Каравелов" Русе | Хранилище | 2021-02-15 | Основен фонд - ползва се само за читалня | 2.37 | 9076/63 | Цб ІІ 26222 | 900000038562 | 1.21 | Графични издания |